Budovanie konkurenčnej výhody
Základné možnosti budovania konkurenčnej výhody a schopnosti, spôsobilosti, ktoré ju vyvolávajú. Konkurenčnú výhodu môže podnik dosiahnuť nielen inováciami, ale aj rozvojom ľudského kapitálu a tiež novými dimenziami konkurencieschopnosti (identita, integrita, mobilita, suverenita podniku).
Saved in:
| Main Author: | |
|---|---|
| Format: | Book Chapter |
| Language: | Slovak |
| Subjects: | |
| Tags: |
No Tags, Be the first to tag this record!
|
MARC
| LEADER | 00000nla$a2200000$$$4500 | ||
|---|---|---|---|
| 001 | 0084300 | ||
| 005 | 20240502071941.8 | ||
| 041 | 0 | |a slo | |
| 044 | |a SK | ||
| 245 | 1 | 0 | |a Budovanie konkurenčnej výhody |c Petra Pötheová |
| 520 | |a Základné možnosti budovania konkurenčnej výhody a schopnosti, spôsobilosti, ktoré ju vyvolávajú. Konkurenčnú výhodu môže podnik dosiahnuť nielen inováciami, ale aj rozvojom ľudského kapitálu a tiež novými dimenziami konkurencieschopnosti (identita, integrita, mobilita, suverenita podniku). | ||
| 610 | 2 | 0 | |a podnik |
| 610 | 2 | 0 | |a výhody konkurenčné |
| 610 | 2 | 0 | |a zdroje ľudské |
| 610 | 2 | 0 | |a identita podniková |
| 610 | 2 | 0 | |a suverenita |
| 100 | 1 | |a Pötheová, Petra | |